00250 a2200109 4500001000700000020000600007040001100013100002000024240004600044245004100090362000900131169227 a  cMagnum aArnold, Wilhelm10aDicionario de psicologia - v.3 - p-zlESP10aDicionario de psicologia - v.3 - p-z0 a1899